| 000 | 01257cam a22003135a 4500 | ||
|---|---|---|---|
| 001 | 16693902 | ||
| 005 | 20201128023750.0 | ||
| 008 | 110316s2012 enka frbe 000 0 eng d | ||
| 010 | _a 2011925392 | ||
| 020 | _a9781849207737 (hbk. : set) | ||
| 035 | _a(OCoLC)ocn777179630 | ||
| 035 | _a(OCoLC)777179630 | ||
| 040 |
_aNLE _beng _cNLE _dDLC _dEG-ScBUE |
||
| 082 | 0 | 4 |
_a150 _bTHE _222 |
| 245 | 0 | 0 |
_aTheoretical psychology : _bcontemporary readings / _cedited by Henderikus Stam. |
| 260 |
_aLondon : _bSAGE Publications Ltd., _c2012. |
||
| 300 |
_a4 v. : _bill. ; _c24 cm. |
||
| 490 | 0 | _aSAGE benchmarks in psychology | |
| 504 | _aIncludes bibliographical references. | ||
| 505 | 0 | _av. 1. Contemporary theoretical psychology -- v. 2. Theory and method -- v. 3. Cognitive psychology, cognition, embodied cognition, evolution -- v. 4. Alterity and sociality, development and change, abnormal and pathological theories. | |
| 650 | 0 |
_aPsychology _xHistory _y20th century. _2BUEsh |
|
| 650 | 7 |
_aSocial psychology. _2BUEsh _99682 |
|
| 650 | 7 |
_aDevelopmental psychology. _2BUEsh _9952 |
|
| 651 | _2BUEsh | ||
| 653 |
_bGGEN _cJuly2016 |
||
| 650 | 0 |
_933178 _aCognitive psychology _2BUEsh |
|
| 700 | 1 |
_aStam, Henderikus J., _d1954-, _eeditor. _940329 |
|
| 942 | _2ddc | ||
| 999 |
_c21961 _d21933 |
||